[Event "Speed Chess Q1 Sw"]
[Site "Chess.com INT"]
[Date "2023.08.21"]
[Round "6"]
[White "Svane, Rasmus"]
[Black "Jones, Gawain C B"]
[Result "1/2-1/2"]
[WhiteElo "2631"]
[BlackElo "2618"]
[PlyCount "130"]
[EventDate "2023.08.21"]
[EventType "k.o. (blitz)"]
[EventRounds "14"]
[EventCountry "USA"]
[SourceTitle "CBM 215 Extra"]
[Source "ChessBase"]
[SourceDate "2023.09.30"]
[SourceVersion "1"]
[SourceVersionDate "2023.09.30"]
[SourceQuality "1"]

1. Nf3 g6 2. e4 c5 3. c4 Nc6 4. d4 cxd4 5. Nxd4 Nf6 6. Nc3 d6 7. f3 Nxd4 8. Qxd4 Bg7 9. Be3 0-0 10. Qd2 Be6 11. Be2 a5 12. Na4 Nd7 13. Rc1 Nc5 14. Nc3 a4 15. 0-0 Qa5 16. Rc2 Rfc8 17. Rb1 f5 18. Bd4 Qb6 19. Nd5 Bxd5 20. exd5 Bxd4+ 21. Qxd4 Nd7 22. Qxb6 Nxb6 23. Bd3 Kf7 24. Kf2 Nd7 25. Ke3 e5 26. dxe6+ Kxe6 27. Kd4 Ra5 28. f4 Nb8 29. Re1+ Kf7 30. Kc3 Nc6 31. b4 axb3 32. axb3 d5 33. cxd5 Ne5+ 34. Bc4 Nxc4 35. bxc4 Rxd5 36. Kb4 Rdc5 37. Re5 Rxe5 38. fxe5 Ke6 39. Kb5 Rc6 40. Rd2 Rc7 41. c5 Kxe5 42. Kb6 Rc6+ 43. Kb5 Rc7 44. Rd6 g5 45. Kb6 Rf7 46. Rd8 f4 47. Rb8 g4 48. Rxb7 Rxb7+ 49. Kxb7 f3 50. gxf3 gxf3 51. c6 f2 52. c7 f1Q 53. c8Q Qg2+ 54. Kb6 Qb2+ 55. Ka5 Qa3+ 56. Kb5 Qb3+ 57. Ka5 Qa3+ 58. Kb5 Qb3+ 59. Ka5 Qd5+ 60. Kb4 Qd4+ 61. Kb3 Qd3+ 62. Kb2 Qd2+ 63. Kb3 Qd3+ 64. Kb2 Qd2+ 65. Kb3 Qd3+ 1/2-1/2

[Event "Speed Chess Q1 Sw"]
[Site "Chess.com INT"]
[Date "2023.08.21"]
[Round "8"]
[White "Vidit, Santosh Gujrathi"]
[Black "Jones, Gawain C B"]
[Result "1-0"]
[WhiteElo "2723"]
[BlackElo "2618"]
[PlyCount "98"]
[EventDate "2023.08.21"]
[EventType "k.o. (blitz)"]
[EventRounds "14"]
[EventCountry "USA"]
[SourceTitle "CBM 215 Extra"]
[Source "ChessBase"]
[SourceDate "2023.09.30"]
[SourceVersion "1"]
[SourceVersionDate "2023.09.30"]
[SourceQuality "1"]

1. Nf3 Nf6 2. c4 g6 3. Nc3 Bg7 4. e4 d6 5. d4 0-0 6. Be2 e5 7. 0-0 Nbd7 8. Re1 a6 9. Bf1 Re8 10. d5 a5 11. Be3 Nc5 12. Qc2 b6 13. b3 Ng4 14. Bg5 f6 15. Bh4 h5 16. h3 Nh6 17. Bg3 f5 18. Bh4 Bf6 19. Bxf6 Qxf6 20. a3 a4 21. b4 Nb3 22. Rad1 Nd4 23. Nxd4 exd4 24. Nb5 Re7 25. exf5 Nxf5 26. Rxe7 Qxe7 27. Nxd4 Nxd4 28. Qxg6+ Qg7 29. Qe8+ Qf8 30. Qxf8+ Kxf8 31. Rxd4 Bd7 32. Bd3 Kg7 33. Kf1 Re8 34. Re4 Rf8 35. Re7+ Rf7 36. Rxf7+ Kxf7 37. h4 Kf6 38. Ke2 Ke5 39. Ke3 Be8 40. g3 Bf7 41. f3 b5 42. cxb5 Bxd5 43. Bg6 Bc4 44. Bxh5 Bxb5 45. f4+ Ke6 46. g4 c5 47. bxc5 dxc5 48. g5 Kf5 49. Be2 Bc4 1-0